Review of England's waste strategy (Record no. 105210)
[ view plain ]
| 000 -LEADER | |
|---|---|
| fixed length control field | 01214cam a2200193 4500 |
| 001 - CONTROL NUMBER | |
| control field | ##L132672 |
| 008 - FIXED-LENGTH DATA ELEMENTS--GENERAL INFORMATION | |
| fixed length control field | 060228n2006 000 0 eng u |
| 035 ## - SYSTEM CONTROL NUMBER | |
| System control number | (Sirsi) u132672 |
| 041 0# - LANGUAGE CODE | |
| Language code of text/sound track or separate title | eng |
| 050 04 - LIBRARY OF CONGRESS CALL NUMBER | |
| Classification number | 614.76 $2 18 |
| 110 1# - MAIN ENTRY--CORPORATE NAME | |
| Corporate name or jurisdiction name as entry element | United Kingdom |
| Subordinate unit | Department for Environment, Food and Rural Affairs |
| 245 00 - TITLE STATEMENT | |
| Title | Review of England's waste strategy |
| Remainder of title | a consultation document |
| 260 ## - PUBLICATION, DISTRIBUTION, ETC. | |
| Place of publication, distribution, etc. | London |
| Name of publisher, distributor, etc. | DEFRA |
| Date of publication, distribution, etc. | 2006 |
| 520 ## - SUMMARY, ETC. | |
| Summary, etc. | DEFRA is consulting on a revision of the existing waste strategy for England. The overall objective of the proposed revised strategy will be to reduce further the impacts of waste management on the environment while developing the economic benefit of using waste as a resource and meeting European obligations. The revised waste strategy will offer a clearer longer-term vision for waste and resource management as part of the government drive for sustainable development. Comments are required by 9 May 2006. |
| 590 ## - LOCAL NOTE (RLIN) | |
| Local note | IKA280206 |
| 690 ## - LOCAL SUBJECT ADDED ENTRY--TOPICAL TERM (OCLC, RLIN) | |
| Topical term or geographic name as entry element | ENVIRONMENTAL AND LAND CONSULTANCY-WATER RESOURCE MANAGEMENT |
| 856 40 - ELECTRONIC LOCATION AND ACCESS | |
| Uniform Resource Identifier | <a href="https://archive.defra.gov.uk/environment/waste/strategy/review/documents/review-consult.pdf">https://archive.defra.gov.uk/environment/waste/strategy/review/documents/review-consult.pdf</a> |
| Public note | View the item free of charge in the DEFRA archive |
| 942 ## - ADDED ENTRY ELEMENTS (KOHA) | |
| Suppress in OPAC | 0 |
| Withdrawn status | Lost status | Source of classification or shelving scheme | Damaged status | Not for loan | Home library | Current library | Shelving location | Date acquired | Total Checkouts | Full call number | Barcode | Date last seen | Copy number | Price effective from | Koha item type |
|---|---|---|---|---|---|---|---|---|---|---|---|---|---|---|---|
| Dewey Decimal Classification | Virtual | Virtual | Online | 28/02/2006 | ONLINE PUBLICATION | 132672-2001 | 06/08/2019 | 1 | 06/08/2019 | Book |